000 02194cam a22002054a 4500
005 20250605164006.0
008 250528s ||||||||||||||||||||||||d
035 _a15808
020 _a9600803757
040 _aGR-AtMCL
_bgre
_dGR-AtMCL
_eAACR2
245 1 _aΕισαγωγή στις Ευρωπαϊκές Σπουδές / Οικονομική Ολοκλήρωση και Πολιτικές το Ρυθμιστικό Πλαίσιο.
_nΤόμος Γ'
250 _a
260 _bΕλληνική Πανεπιστημιακή Ένωση Ευρωπαϊκών Σπουδών
_bΈνωση Ελληνικών Τραπεζών,
_c2006
300 _a712
520 _aΠρόλογος, Το Ρυθμιστικό Πλαίσιο της Ενιαίας Αγοράς, Οι Θεμελιώδεις Ελευθερίες, Πολιτική Ανταγωνισμού Ι: Ο Έλεγχος της Συμπεριφοράς των Επιχειρήσεων, Πολιτική Ανταγωνισμού ΙΙ: Ο Έλεγχος των Κρατικών Ενισχύσεων, Το Ευρωπαϊκό Δίκαιο των Δημοσίων Συμβάσεων, Ο Ενιαίος Χρηματοπιστωτικός Χώρος, Το Ρυθμιστικό Πλαίσιο των Οικονομικών Πολιτικών, Το Θεσμικό και Κανονιστικό Πλαίσιο της Ο.Ν.Ε., Ο Νέος Μηχανισμός Στήριξης του Γεωργικού Εισοδήματος, Τα Διαρθρωτικά Ταμεία, Η Κοινή Πολιτική Μεταφορών, Πολιτικές Διασφάλισης Ατομικών Δικαιωμάτων και Ποιότητας Ζωής, Ευρωπαϊκή Κοινωνική Πολιτική, Η Ευρωπαϊκή Πολιτική Περιβάλλοντος Ι: Νομικές Βάσεις, Η Προστασία της Διανοητικής Ισιοκτησίας, Πολιτισμός και Πολιτιστική Πολιτική, Η Πολιτική της Ευρωπαϊκής Ένωσης για τα ΜΜΕ.
700 1 _aΣτεφάνου Κωνσταντίνος Α
_91803
942 _cBK
999 _c1359
_d1359